00746nam a2200205 i 4500001001000000003000900010005001700019007000300036008004100039040003000080082001400110245014000124264003800264300005500302336002700357337003300384338002800417700003600445700005900481000028501DO-SdBNP20240515153413.0ta110408s2005 dr ac 000 0 spa d aDO-SdBNPbspacBNPHUerda bC111b22200aBiografía de Francisco Alberto Caamaño Deñó /ccompilador, Francis Caamaño ; cuidado de la edición, Tomás Castro Burdiez. aSanto Domingo :bEDUCARTE,c2005. a15 páginas :bilustraciones, retratos ;c21 cm. 2rdacontentatextobtxt 2rdamediaasin mediaciónbn 2rdacarrieravolumenbnc1 aCaamaño, Francis,ecompilador1 aCastro Burdiez , Tomás,d1959-ecuidado de edición